| 000 | 00379nam a2200157Ia 4500 | ||
|---|---|---|---|
| 008 | 210716s1999 xx 000 0 und d | ||
| 020 | _a020136056X | ||
| 041 | _aeng | ||
| 082 | _a004.68 FERA | ||
| 100 | _aFerrero, Alexis. | ||
| 245 | _aEternal ethernet. | ||
| 250 | _a1 | ||
| 260 |
_aNew York _bAddison Wesley _c1999 |
||
| 300 | _ax;437 | ||
| 650 | _aComputer Network(004.6) | ||
| 999 |
_c181054 _d181054 |
||